Volume title (Record no. 112062)

MARC details
000 -LEADER
fixed length control field 00380nam a2200121Ia 4500
008 - FIXED-LENGTH DATA ELEMENTS--GENERAL INFORMATION
fixed length control field 211119s9999||||xx |||||||||||||| ||und||
082 ## - DEWEY DECIMAL CLASSIFICATION NUMBER
Classification number 894.8123
Item number POT-V
100 ## - MAIN ENTRY--PERSONAL NAME
Personal name Pottekkatt, S K
245 #0 - TITLE STATEMENT
Title Volume title
260 ## - PUBLICATION, DISTRIBUTION, ETC.
Name of publisher, distributor, etc. Poorna
Place of publication, distribution, etc. 1978
Date of publication, distribution, etc. Kozhikode
650 ## - SUBJECT ADDED ENTRY--TOPICAL TERM
Topical term or geographic name entry element Malayalam Literature
942 ## - ADDED ENTRY ELEMENTS (KOHA)
Koha item type BOOK
650 ## - SUBJECT ADDED ENTRY--TOPICAL TERM
Form subdivision Malayalam FictionMalayalam NovelsShort StoriesEconomics
General subdivision PGR-GANDHIAN STUDIES
Holdings
Withdrawn status Lost status Damaged status Not for loan Home library Current library Date acquired Cost, normal purchase price Total Checkouts Full call number Barcode Shelving location Date last seen Price effective from Koha item type
        SB LIBRARY SB LIBRARY 19/11/2021 250.00   894.8123 POT-V 00125513 PGR-GANDHIAN STUDIES 19/11/2021 19/11/2021 BOOK

Powered by Koha